| 000 | 00419nam a2200169Ia 4500 | ||
|---|---|---|---|
| 008 | 260407s2023 xx 000 0 und d | ||
| 041 | _aeng | ||
| 082 |
_a616.07/BHI _b11321 |
||
| 100 | _aDR.S.B.BHISE | ||
| 245 | _aPATHOPYSILOGY FOR PHARMACISTS | ||
| 250 | _a8TH | ||
| 260 |
_aPUNE _bNIRALI PRAKASHAN _c2023 |
||
| 300 | _a5.22p | ||
| 650 | _aPATHOPHYSIOLOGY | ||
| 650 | _aPHARMACOLOGY | ||
| 700 | _aMRS.M.S.BHISE | ||
| 999 |
_c1218813 _d1218813 |
||